| 000 | 00565nam a22002057a 4500 | ||
|---|---|---|---|
| 001 | 74978 | ||
| 003 | BD-RjUL | ||
| 005 | 20211209082629.0 | ||
| 008 | 190105r19491938en ||||| |||| 00| 0 eng d | ||
| 035 | _a(BD-RjUL)75196 | ||
| 040 |
_aBD-RjUL _beng _cBD-RjUL |
||
| 041 | _aeng | ||
| 082 |
_223 _a570 _bHAI 1949 |
||
| 100 |
_aHatfield, E.J. _9226558 |
||
| 245 |
_aAn introductions to Biology / _cby E.J. Hatfield. |
||
| 260 |
_aOxford : _bClarendon Press, _c1938, [reprinted 1949] |
||
| 300 |
_a540 p.: _bill.; _c19 cm. |
||
| 650 |
_aBiology _9226559 |
||
| 942 |
_2ddc _cBK |
||
| 999 |
_c74978 _d74978 |
||